Online
Catalog

Haití : (Record no. 45504)

MARC details
000 -CABECERA
campo de control de longitud fija 01959nam a2200229 a 4500
001 - NÚMERO DE CONTROL
campo de control 000046015
005 - FECHA Y HORA DE LA ÚLTIMA TRANSACCIÓN
campo de control 20201002052600.0
008 - DATOS DE LONGITUD FIJA--INFORMACIÓN GENERAL
campo de control de longitud fija 150611s2012 dr abc 000 0 spa d
020 ## - NÚMERO INTERNACIONAL ESTÁNDAR DEL LIBRO
Número Internacional Estándar del Libro 9789945004861
040 ## - FUENTE DE LA CATALOGACIÓN
Centro catalogador/agencia de origen DO-SdBNP
Lengua de catalogación spa
Centro/agencia transcriptor BNPHU
082 ## - NÚMERO DE LA CLASIFICACIÓN DECIMAL DEWEY
Número de clasificación xxxx
Número de documento/Ítem xxxx
100 1# - ENTRADA PRINCIPAL--NOMBRE DE PERSONA
Nombre de persona Bissainthe, Jean Ghasmann.
9 (RLIN) 2161
245 10 - MENCIÓN DE TÍTULO
Título Haití :
Resto del título el drama nacional /
Mención de responsabilidad, etc. Jean Ghasmann Bissainthe ; prólogo Franklin J. Franco.
260 ## - PUBLICACIÓN, DISTRIBUCIÓN, ETC.
Lugar de publicación, distribución, etc. Santo Domigo :
Nombre del editor, distribuidor, etc. Ediciones Librería La Trinitaria,
Fecha de publicación, distribución, etc. 2012.
300 ## - DESCRIPCIÓN FÍSICA
Extensión 469 p. :
Otras características físicas il., mapas, retrs. ;
Dimensiones 23 cm.
500 ## - NOTA GENERAL
Nota general Incluye datos biográficos del autor en las solapas.
500 ## - NOTA GENERAL
Nota general Incluye índice onomástico
504 ## - NOTA DE BIBLIOGRAFÍA, ETC.
Nota de bibliografía, etc. Bibliografía : p. 445-456
505 0# - NOTA DE CONTENIDO CON FORMATO
Nota de contenido con formato Problemas geopolíticos y demográficos --
Título Los mayores sismos y sus consecuencias para Haití --
-- Procedencia de los esclavos haitianos y del vodú --
-- Misticismo --
-- Complejos de los negros --
-- Dimension geopolítica de las sublevaciones esclavas --
-- Perfiles y creencias de los esclavos --
-- La nación haitiana --
-- Conciencia y solidaridad de clase --
-- Estructuras mentales --
-- Los extranjeros vistos por los haitianos --
-- Nuevas estructuras haitianas --
-- Sexo, poder y crímenes abyectos --
-- Ontología haitiana --
-- Luchas raciales y sociales --
-- La ideologia indigenista --
-- Aspectos religiosos y mágicos --
-- Estrategias imperiales de los haitianos --
-- Proyectos unitarios y agrarios --
-- Mentalidad haitiana --
-- Períodos históricos y prejuicios raciales --
-- Ambiciones neo-colonialistas de los europeos y norteamericanos --
-- Nuevas maniobras del Tío Sam --
-- Consecuencias de la ocupación norteamericana --
-- Ideología de la negritud y el cacoísmo --
-- El poder de los negros y las estrategias mulatas --
-- El reino de los Duvalier --
-- El periodo post-duvalierista --
-- Duvalier versus Aristide --
-- Nuevos dramas nacionales --
-- Nuevas fiestas electorales.
590 ## - NOTA LOCAL (RLIN)
Nota local Inventariado, 2019/VM
700 12 - PUNTO DE ACCESO ADICIONAL--NOMBRE DE PERSONA
Nombre de persona Franco, Franklin J.,
Término indicativo de función/relación pról.
9 (RLIN) 19014
Holdings
Estado de retiro Estado de pérdida Restricciones de uso No para préstamo Código de colección Localización permanente Ubicación/localización actual Ubicación en estantería Fecha de adquisición Número de inventario Total de préstamos Signatura topográfica completa Código de barras Fecha visto por última vez Número de copia Precio válido a partir de Tipo de ítem Koha
        Dominicana de Servicio General General Depósito 11.06.2015 LF1   xxxx xxxx 46015-30 25.06.2020 e. 3 25.06.2020 Libro y Folleto Colección Dominicana de Servicio
        Dominicana de Servicio General General Depósito 05.04.2019 LF1   xxxx xxxx 46015-40 25.06.2020 e. 4 25.06.2020 Libro y Folleto Colección Dominicana de Servicio
        Dominicana de Servicio General General Depósito 05.04.2019 LF1   xxxx xxxx 46015-50 25.06.2020 e. 5 25.06.2020 Libro y Folleto Colección Dominicana de Servicio
      Excluido de préstamo Patrimonio Dominicano Patrimonio Dominicano Patrimonio Dominicano Depósito 11.06.2015 LF1   xxxx xxxx 46015-10 25.06.2020   25.06.2020 Libro y Folleto Colección Patrimonio Dominicano
      Excluido de préstamo Patrimonio Dominicano Patrimonio Dominicano Patrimonio Dominicano Depósito 11.06.2015 LF1   xxxx xxxx 46015-20 25.06.2020 e. 2 25.06.2020 Libro y Folleto Colección Patrimonio Dominicano

Powered by Koha